00382nam a2200133Ia 4500008004100000020001500041041000800056082001900064100001800083245008300101250000600184260004600190300001200236210716s2001 xx 000 0 und d a9221108457 aeng a658.30082 WIRL aWirth, Linda. aBreaking through the glass ceiling: women in management.bWomen in management. a1 aGenevabInternational labour officec2001 axvi,186